Oppression et liberté. (Record no. 124144)
[ view plain ]
| 000 -LEADER | |
|---|---|
| fixed length control field | 00723cam a2200265 4500 |
| 001 - CONTROL NUMBER | |
| control field | 2779578 |
| 003 - CONTROL NUMBER IDENTIFIER | |
| control field | ARRUPE |
| 005 - DATE AND TIME OF LATEST TRANSACTION | |
| control field | 20160211083752.0 |
| 008 - FIXED-LENGTH DATA ELEMENTS--GENERAL INFORMATION | |
| fixed length control field | 720725s1955 fr 000 0 fre |
| 010 ## - LIBRARY OF CONGRESS CONTROL NUMBER | |
| LC control number | 55030135 /L |
| 035 ## - SYSTEM CONTROL NUMBER | |
| System control number | (OCoLC)ocm00364189 |
| 035 ## - SYSTEM CONTROL NUMBER | |
| System control number | (NNC)2779578 |
| 040 ## - CATALOGING SOURCE | |
| Original cataloging agency | DLC |
| Transcribing agency | CSU |
| Modifying agency | SER |
| -- | ZCU |
| 050 0# - LIBRARY OF CONGRESS CALL NUMBER | |
| Classification number | HX266 |
| Item number | .W38 1955 |
| 099 ## - LOCAL FREE-TEXT CALL NUMBER (OCLC) | |
| Classification number | 335.5 |
| -- | W429 |
| 300 ## - PHYSICAL DESCRIPTION | |
| Dimensions | 23 cm. |
| 100 1# - MAIN ENTRY--PERSONAL NAME | |
| Personal name | Weil, Simone, |
| Dates associated with a name | 1909-1943. |
| 9 (RLIN) | 2765 |
| 245 10 - TITLE STATEMENT | |
| Title | Oppression et liberté. |
| Statement of responsibility, etc | by Weil, Simone, |
| 260 ## - PUBLICATION, DISTRIBUTION, ETC. (IMPRINT) | |
| Place of publication, distribution, etc | Paris, |
| Name of publisher, distributor, etc | Gallimard |
| Date of publication, distribution, etc | [1955] |
| 300 ## - PHYSICAL DESCRIPTION | |
| Extent | 273 p.; |
| 490 1# - SERIES STATEMENT | |
| Series statement | Collection Espoir |
| 650 #0 - SUBJECT ADDED ENTRY--TOPICAL TERM | |
| Topical term or geographic name as entry element | Socialism. |
| 9 (RLIN) | 19902 |
| General subdivision | Addresses |
| 830 #0 - SERIES ADDED ENTRY--UNIFORM TITLE | |
| Uniform title | Collection Espoir. |
| 9 (RLIN) | 22215 |
| 942 ## - ADDED ENTRY ELEMENTS (KOHA) | |
| Source of classification or shelving scheme | Library of Congress Classification |
| Koha item type | Monograph ( Printed materials) |
| Withdrawn status | Lost status | Source of classification or shelving scheme | Damaged status | Not for loan | Collection code | Home library | Current library | Shelving location | Date acquired | Total Checkouts | Full call number | Barcode | Date last seen | Price effective from | Koha item type |
|---|---|---|---|---|---|---|---|---|---|---|---|---|---|---|---|
| Library of Congress Classification | Main Collection | ARRUPE LIBRARY | ARRUPE LIBRARY | Main Collection | 10/02/2016 | HX266.W38 1955 | 46500006799 | 30/04/2018 | 10/02/2016 | SPC |